000 00402nam a22001577a 4500
999 _c257123
_d257122
003 OSt
005 20180803120253.0
008 180803b xxu||||| |||| 00| 0 eng d
020 _a978013600001
040 _cN/A
100 _aJeffrey S. Nevid at al
245 _aAbnormal Psychology in a changing world.
250 _a7th ed
260 _aNewJersey
_bPearson Education Ltd
_c2008
942 _2lcc
_cBK